Deutschland quiz - Statistiken

Allgemein
  • Dieses Quiz wurde 599 mal gespielt
  • Das Durchschnittsergebnis liegt bei 12 aus 14
Antwortstatistiken
Hint Antwort % Korrekt
Anzahl der Bundesländer 16
100%
Hauptstadt Berlin
100%
längste Flüsse Rhein
99%
größte Bundesland (Fläche) Bayern
98%
wie viele Nachbarländer hat Deutschland 9
97%
erste Bundeskanzlerin Angela Merkel
96%
für welches Getränk gibt es ein Gesetz Bier
96%
jetziger Bundeskanzler Olaf Scholz
96%
längste Flüsse Donau
95%
erster Bundeskanzler Konrad Adenauer
81%
bevölkerungsreichste Bundesland Nordrhein-Westfalen NRW
74%
Wahrzeichen Brandenburger Tor
71%
anderes Wort für Oktoberfest Wies'n
59%
Wie heißt dieses Gesetz Reinheitsgebot
53%
Keine übereinstimmenden Quizze gefunden
Verteilung der Resultate
Anzahl Personen mit jedem Resultat
Perzentil nach korrekt beantworteten Fragen
Ihre Resultats-Entwicklung
Sie haben dieses Quiz noch nicht gespielt